LEADER 01038nam a2200277 i 4500 001 991003144549707536 005 20021205130019.0 008 020411s|||| it ||| | ita 020 $a8807812886 035 $ab11760886-39ule_inst 035 $aLE01283523$9ExL 040 $aDip.to Lingue$bita 100 1 $aTabucchi, Antonio$0164112 245 10$aMiguilim /$cJoao Guimaraes Rosa ; prefazione di Antonio Tabucchi ; traduzione di Edoardo Bizzarri 250 $a3 ed. 260 $aMilano :$bFeltrinelli,$c2001 300 $a135 p. ;$c20 cm. 490 0 $aUniversale Economica Feltrinelli ;$v1288 700 1 $aBizzarri, Edoardo 700 1 $aRosa, Joao Guimaraes$eauthor$4http://id.loc.gov/vocabulary/relators/aut$0449649 907 $a.b11760886$b27-04-17$c05-12-02 912 $a991003144549707536 945 $aLE012 B 869.842 ROS 2$g1$i2012000032125$lle012$o-$pE0.00$q-$rl$s- $t0$u11$v2$w11$x0$y.i12006245$z05-12-02 996 $aMiguilim$91454100 997 $aUNISALENTO 998 $ale012$b01-01-02$cm$da $e-$fita$git $h0$i1 LEADER 02407nam 2200373 450 001 996574653303316 005 20231215131722.0 010 $a1-5044-7293-4 024 7 $a10.1109/IEEESTD.2021.9381772 035 $a(CKB)5590000000440555 035 $a(NjHacI)995590000000440555 035 $a(EXLCZ)995590000000440555 100 $a20231215d2021 uy 0 101 0 $aeng 135 $aur||||||||||| 181 $ctxt$2rdacontent 182 $cc$2rdamedia 183 $acr$2rdacarrier 200 10$a2030.102.1-2020 - IEEE standard for interoperability of internet protocol security (IPsec) utilized within utility control systems /$fIEEE 210 1$a[Place of publication not identified] :$cIEEE,$d2021. 215 $a1 online resource 330 $aSpecific configuration requirements within the relevant Internet Engineering Task Force (IETF) Request for Comments (RFC) for implementation of the Internet Protocol Security (IPsec) protocol suite within a utility control system are identified in this standard. It is not intended to be a comprehensive guide to implementing IPsec. Promoting interoperability between products developed by different vendors is the primary goal in developing this standard. Configuration parameters needed to support the establishment and sustained operation of an IPsec Virtual Private Network (VPN) tunnel between two devices which have implemented IPsec conforming to this standard are the focus of this standard. Minimizing configuration errors involving IPsec implementations within utility control systems is a secondary goal of this standard. Product agnosticism and applicability to any device (e.g., router, substation gateway, intelligent electronic device, etc.) is the intent of this standard, within the utility control system as the end user deems necessary for their unique system architecture. 517 $a2030.102.1-2020 - IEEE Standard for Interoperability of Internet Protocol Security 606 $aExtranets (Computer networks) 606 $aComputer security 615 0$aExtranets (Computer networks) 615 0$aComputer security. 676 $a004.6 801 0$bNjHacI 801 1$bNjHacl 906 $aDOCUMENT 912 $a996574653303316 996 $a2030.102.1-2020 - IEEE Standard for Interoperability of Internet Protocol Security (IPsec) Utilized within Utility Control Systems$92584949 997 $aUNISA